Datum a čas kvízu
28
Celkem bodů
Celkový počet nahraných bodů na tomto kvízu bez doplňovacích otázek.
9.
Pořadí na kvízu
Konečné umístění týmu na tomto kvízu.
Zaznamenané odpovědi
| # | Otázka | Odpověď | Body | Výsledky |
|---|---|---|---|---|
| 1. | V sobotu byla v ostravském Gon... | 1 | ||
| 2. | Thajská vesmírná agentura plán... | 1 | ||
| 3. | Moderátorský tým motoristickéh... | 1 | ||
| 4. | Firma Coca-Cola uvedla na japo... | 1 | ||
| 5. | Majitel anglického fotbalového... | 1 | ||
| 6. | Toto téma je dalším, které jst... | 1 | ||
| 7. | Erbenova Kytice obsahuje 13 bá... | 1 | ||
| 5. | Jak se jmenoval levicový uměle... | 1 | ||
| 5. | Velmi osobitou postavou české... | 1 | ||
| 10. | Jakub Arbes, mladší kolega a p... | 1 |